| 000 -LEADER |
| fixed length control field |
01566 a2200265 4500 |
| 003 - CONTROL NUMBER IDENTIFIER |
| control field |
Nust |
| 005 - DATE AND TIME OF LATEST TRANSACTION |
| control field |
20221024093635.0 |
| 020 ## - INTERNATIONAL STANDARD BOOK NUMBER |
| International Standard Book Number |
9781782163169 |
| 035 ## - SYSTEM CONTROL NUMBER |
| System control number |
(WaSeSS)ssj0001140135 |
| 035 ## - SYSTEM CONTROL NUMBER |
| System control number |
(WaSeSS)ssj0001140135 |
| 035 ## - SYSTEM CONTROL NUMBER |
| System control number |
(WaSeSS)ssj0001140135 |
| 040 ## - CATALOGING SOURCE |
| Transcribing agency |
Nust |
| 082 ## - DEWEY DECIMAL CLASSIFICATION NUMBER |
| Classification number |
005.8028,MUN |
| 100 1# - MAIN ENTRY--PERSONAL NAME |
| Personal name |
Muniz, Joseph |
| 9 (RLIN) |
95230 |
| 245 10 - TITLE STATEMENT |
| Title |
"Web penetration testing with Kali Linux : a practical guide to implementing penetration testing strategies on websites, web applications, and standard web protocols with Kali Linux / |
| Statement of responsibility, etc. |
Joseph Muniz, Aamir Lakhani |
| 260 ## - PUBLICATION, DISTRIBUTION, ETC. |
| Date of publication, distribution, etc. |
2013 |
| Place of publication, distribution, etc. |
Packet Publishing |
| Name of publisher, distributor, etc. |
Mumbai |
| 300 ## - PHYSICAL DESCRIPTION |
| Extent |
viii;321p |
| 505 ## - FORMATTED CONTENTS NOTE |
| Formatted contents note |
Penetration testing and setup (Page-7), Reconnaissance (Page 33), Server -side attacks (Page 73), Client-side attacks (Page 129), Attacking authentication(page 175), Web attacks(page 211), Defensive countermeasures (Page-251), Penetration test executive report (Page-277), Index (Page-313). |
| 650 #4 - SUBJECT ADDED ENTRY--TOPICAL TERM |
| Topical term or geographic name entry element |
Telecommunications |
| 9 (RLIN) |
736 |
| 655 #4 - INDEX TERM--GENRE/FORM |
| Genre/form data or focus term |
Electronic books |
| 856 40 - ELECTRONIC LOCATION AND ACCESS |
| Uniform Resource Identifier |
<a href="http://costello.pub.hb.se/login?url=http://proquest.safaribooksonline.com/9781782163169">http://costello.pub.hb.se/login?url=http://proquest.safaribooksonline.com/9781782163169</a> |
| 856 40 - ELECTRONIC LOCATION AND ACCESS |
| Uniform Resource Identifier |
<a href="http://miman.bib.bth.se/login?url=http://proquest.safaribooksonline.com/9781782163169">http://miman.bib.bth.se/login?url=http://proquest.safaribooksonline.com/9781782163169</a> |
| 856 40 - ELECTRONIC LOCATION AND ACCESS |
| Uniform Resource Identifier |
<a href="http://sfxeu10.hosted.exlibrisgroup.com/sfxjon/?url_ver=Z39.88-2004&ctx_ver=Z39.88-2004&ctx_enc=info:ofi/enc:UTF-8&rfr_id=info:sid/sfxit.com:opac_856&url_ctx_fmt=info:ofi/fmt:kev:mtx:ctx&sfx.ignore_date_threshold=1&rft.object_id=2550000001120678&svc_val_fmt=info:ofi/fmt:kev:mtx:sch_svc&">http://sfxeu10.hosted.exlibrisgroup.com/sfxjon/?url_ver=Z39.88-2004&ctx_ver=Z39.88-2004&ctx_enc=info:ofi/enc:UTF-8&rfr_id=info:sid/sfxit.com:opac_856&url_ctx_fmt=info:ofi/fmt:kev:mtx:ctx&sfx.ignore_date_threshold=1&rft.object_id=2550000001120678&svc_val_fmt=info:ofi/fmt:kev:mtx:sch_svc&</a> |
| 942 ## - ADDED ENTRY ELEMENTS (KOHA) |
| Source of classification or shelving scheme |
|
| Koha item type |
Book |
| Call number prefix |
005.8028,MUN |